01140cam a22002897a 4500003000500000005001700005008004100022010001000063011001000073020001500083035001000098040000900108082001700117110008300134245015400217260009400371300003300465410001000498490006800508650004900576650004300625650002900668650001600697710005900713810001000772830006800782CHAP20220329142035.0990412d1997 cr r 00010 spa d a77460 a78432 a9977572820 a88362 cCHAP04a634.9016bC42 aCentro Agronómico Tropical de Investigación y Enseñanza. Turrialba, C.R.10aManejo del bosque natural latifoliado en el trópico americano :bbibliografíac/por Centro Agronómico Tropical de Investigación y Enseñanza aTurrialba, C. R. :bCentro Agronómico Tropical de Investigación y Enseñanza,c1997. a544 p. :b+ 2 diskets de 3.52 aCATIE 0aSerie bibliotecología y documentación. Bibliografíav; 2614aBosquesxAdministraciónxAmérica Latina.14aBosquesxAdministraciónxTrópicos.14aBosquesxBibliografía.14aPublicidad.0 aCentro para la Investigación Forestal Internacional.00aCATIE0 aSerie bibliotecología y documentación. Bibliografíav; 26